| 000 | 01848cad a22002535a 4500 | ||
|---|---|---|---|
| 001 | L158600 | ||
| 008 | 110602s2014 xxk f 000 0 eng d | ||
| 035 | _a(Sirsi) u158600 | ||
| 041 | 0 | _aeng | |
| 110 | 2 |
_aConstruction Industry Training Board _92980 |
|
| 245 | 0 | 0 |
_aCompetence in construction _h[electronic resource] |
| 260 |
_aHarrogate _bCITB _c2014 |
||
| 520 | _aThe CITB with support from the HSE commissioned Pye Tait Consulting in early 2014 to undertake this research in order to update/refresh aspects of the Routes to Competence study from 2011 including various consultations and initiatives that have taken place within the construction industry at all levels since the publication of that report. Considers factors that influence decisions on developing the workforce, the benefit of H&S training and occupational training, as well as consulted with industry on the descriptors 'information, instruction, training and supervision' for the purposes of effective health and safety in the construction workplace. This was supplemented by consultation with stakeholders on an overarching framework for competence that could help identify what contributes towards a healthy, safe and productive workplace; finally, and as a result, recommendations for a future industry process for developing and recording components of competence have been put forward. | ||
| 590 | _aKA NTK | ||
| 650 | 2 | 4 |
_aBIM _96219 |
| 650 | 2 | 4 | _aCOMPETENCE |
| 651 | 4 |
_aUnited Kingdom _y |
|
| 690 |
_aHealth and safety _96244 |
||
| 690 | _aBUILT ENVIRONMENT-CONSTRUCTION MARKET | ||
| 710 | 1 |
_aPye Tait Consulting _96027 |
|
| 710 | 1 |
_aGreat Britain _bHealth and Safety Executive |
|
| 856 | 4 | 0 |
_uhttps://www.citb.co.uk/documents/news%20and%20events/competence-construction-report-september-2014.pdf _zView this item free of charge at www.citb.co.uk |
| 942 | _n0 | ||
| 999 |
_c115409 _d115409 |
||